Psychológia riadenia pracovných kolektívov

Gespeichert in:
Bibliographische Detailangaben
1. Verfasser: Perlaki, Ivan
Format: Buch
Sprache:Slowakisch
Veröffentlicht: Bratislava Práca 1988
Ausgabe:2. preprac. vyd.
Tags: Tag hinzufügen
Keine Tags, Fügen Sie das erste Tag hinzu!

MARC

LEADER 00000nam a2200000 4500
001 c030482
005 20260326135633.2
041 0 |a slo 
044 |a SK 
245 1 0 |a Psychológia riadenia pracovných kolektívov  |c Ivan Perlaki 
250 |a 2. preprac. vyd. 
264 1 |a Bratislava  |b Práca  |c 1988 
300 |a 388 s. 
100 1 |a Perlaki, Ivan